000 00345nam a2200145Ia 4500
008 240624s9999 xx 000 0 und d
041 _aeng
082 _a332.6 BAK
100 _aBAKER H KENT
245 _aPORTFOLIO THEORY AND MANAGEMENT
260 _c2013
300 _axxxii, 767 p. : , ill. ; , 24 cm.
365 _cBPS
_b38
440 _v1
999 _c29133
_d29133